| 000 | 00344nam a22001337a 4500 | ||
|---|---|---|---|
| 008 | 170911b xxu||||| |||| 00| 0 eng d | ||
| 020 | _a9781879102521 | ||
| 041 | _aeng | ||
| 080 | _a91 | ||
| 100 | _a42 | ||
| 101 | _aGEO | ||
| 245 |
_aMAPS ON THE INTERNET GEOGRAPHIC INFORMATION ON THE WORLD WIDE WEB _cHARDER.CH |
||
| 942 |
_2udc _cBK |
||
| 999 |
_c26953 _d26953 |
||